000 00668nam a2200241Ia 4500
003 OSt
005 20221005051010.0
006 a|||||r|||| 00| 0
007 ta
008 221004b |||||||| |||| 00| 0 eng d
024 _a73681
037 _cTextual
040 _aCRL
_cCRL
_beng
041 _2eng
_aeng
082 _aO13,2xC, 111K8
100 _aCaputi Anthony
_9578253
245 0 _aMaster works of world drama
_b Classical Greece
260 _aLexington
_bD.C. Heath and Company USA
_c1968
300 _a280p.
_ccm.
650 _aENGLISH LITERATURE
942 _hO13,2xC, 111K8
_cTEXL
_2cc
999 _c958136
_d958136